LEADER 00900nam--2200337---450- 001 990001839640203316 005 20050525131808.0 035 $a000183964 035 $aUSA01000183964 035 $a(ALEPH)000183964USA01 035 $a000183964 100 $a20040709d1960----km-y0itay0103----ba 101 0 $aeng 102 $aUS 105 $a||||||||001yy 200 1 $aSocial change$fJohn Eric Nordskog 210 $aNew York$cMcGraw-Hill$d1960 215 $aVII, 423 p.$d24 cm 410 0$12001 454 1$12001 461 1$1001-------$12001 700 1$aNORDSKOG,$bJohn Eric$0127718 801 0$aIT$bsalbc$gISBD 912 $a990001839640203316 951 $aII.5.2089(VI soc I 8)$b3718 L.M.$cVI soc 959 $aBK 969 $aUMA 979 $aSIAV7$b10$c20040709$lUSA01$h1551 979 $aCOPAT7$b90$c20050525$lUSA01$h1318 996 $aSocial Change$9453380 997 $aUNISA